Lugares míticos - Estadísticas

Estadísticas generales
  • Esta prueba ha sido intentada 44 veces
  • La puntuación promedio es 5 de 22
Estadísticas de respuestas
Pista Respuesta % Correcto
Dónde habitaban Adán y Eva Edén
87%
Gran Urbe que se dice está sumergida Atlántida
85%
Dónde se reunían los dioses griegos Olimpo
85%
Ciudad legendaria buscada por los conquistadores El Dorado
49%
El castillo del Rey Arturo Camelot
46%
Ciudades bíblicas que fueron destruidas Sodoma y Gomorra
44%
El paraíso según la mitología nórdica Valhalla
41%
Hogar de los dioses nórdicos Asgard
23%
El Inframundo según la mitología griega Tártaro
13%
Región que según se encuentra en el interior del planeta Agartha
8%
Dónde se forjó la Excalibur Avalon
8%
El Paraíso según la mitología griega Campos Elíseos
8%
Ciudad llena de riquezas supuestamente ubicada en la Patagonia Ciudad de los Césares
3%
Supuesta civilización avanzada en el este de Brasil Ciudad Perdida Z
3%
Ciudad perdida en la península arábiga Iram de los Pilares
3%
Isla fantasma ubicada en el golfo de México Isla Bermeja
3%
Paraíso pirata situado supuestamente en África Libertalia
3%
El Reino del Rey Arturo Lyonesse
3%
Reino legendario supuestamente ubicado en el Amazonas Paititi
3%
Reino mítico oculto en el Himalaya Shambhala
3%
Aldea escocesa que aparece un día cada 100 años Brigadoon
0%
Oasis que se rumoreaba estaba al oeste del Río Nilo Zerzura
0%
No se encontraron pruebas coincidentes
Distribución de puntuación
Porcentaje de gente con cada puntuación
Porcentaje por número respondido
Historial de tus puntuaciones
No has intentado esta prueba.